000 00705nam a22002417a 4500
001 43877
003 UA-OsUOA
005 20210722141924.0
007 ta
008 20091123b un ||||| |||| 00| 0 ukr d
040 _aUA-OsUOA
_bukr
_cUA-OsUOA
_dUA-OsUOA
041 _aukr
080 _a082
090 _a082
_bУ45
245 _aУкраїнський гуманітарний огляд
_nВип. 3
260 _aК.
_bКритика
_c2000
300 _a316 с.
650 7 _a08 Видання. Колективні праці
_2UDC
942 _cBK
_2udc
955 _a4
999 _c423730
_d423730